Vapor-liquid equilibrium data collection Carboxylic Acids, Anhydrides, Esters
Saved in:
| Main Author: | |
|---|---|
| Other Authors: | , |
| Format: | Book |
| Language: | English |
| Published: |
Frankfurt/Main
Dechema
2001
|
| Series: | Chemistry Data Series, Vol. I, Part 5
|
| Subjects: | |
| Online Access: | View in OPAC |
| Tags: |
No Tags, Be the first to tag this record!
|
MARC
| LEADER | 00000nam a2200000 a 4500 | ||
|---|---|---|---|
| 005 | 20260127134034.0 | ||
| 008 | 081030 2008 gw 000 0 eng d | ||
| 020 | |a 3897460173 | ||
| 035 | |a vtls009355076 | ||
| 039 | 9 | |y 200810300817 |z mschk03 | |
| 040 | |a STUSCHK1 |b slo |c STUSCHK1 |e AACR2 | ||
| 080 | |a 541.3/63 | ||
| 100 | 1 | |a Gmehling, Jurgen, 1946- | |
| 245 | 1 | |a Vapor-liquid equilibrium data collection |b Carboxylic Acids, Anhydrides, Esters |c J. Gmehling, U. Onken, P. Grenzheuser | |
| 260 | |a Frankfurt/Main |b Dechema |c 2001 | ||
| 300 | |a xLiii,705 p. |b ill. |c 24,5 cm | ||
| 490 | 0 | |a Chemistry Data Series, Vol. I, Part 5 | |
| 650 | 0 | |a Vapor-liquid equilibrium |x Tables | |
| 700 | 1 | |a Onken, U. | |
| 700 | 1 | |a Grenzheuser, P. | |
| 910 | |a SCHK95 | ||
| 919 | |a 3-89746-017-3 | ||
| 999 | |c 2648 |d 2648 | ||